000 00593nam a22001937a 4500
003 UA-OsUOA
001 9050
007 ta
008 20040920b un ||||| |||| 00| 0 ukr d
100 _aБазилевич В.
700 _aМазур І.
942 _cSA
040 _aUA-OsUOA
_cUA-OsUOA
_dUA-OsUOA
245 _aМетодичні аспекти оцінки масштабів тіньової економіки
300 _aС.36-44
955 _a0
773 0 _w0
_tЕкономіка України
_dКиїв
_d2004
_g№8
650 7 _aУправління економікою
_2UDC
999 _c295211
_d295211